Proceedings of the First International Conference on Intelligent Computing and Communication

The book covers a wide range of topics in Computer Science and Information Technology including swarm intelligence, artificial intelligence, evolutionary algorithms, and bio-inspired algorithms. It is a collection of papers presented at the First International Conference on Intelligent Computing and...

Πλήρης περιγραφή

Λεπτομέρειες βιβλιογραφικής εγγραφής
Συγγραφή απο Οργανισμό/Αρχή: SpringerLink (Online service)
Άλλοι συγγραφείς: Mandal, Jyotsna Kumar (Επιμελητής έκδοσης), Satapathy, Suresh Chandra (Επιμελητής έκδοσης), Sanyal, Manas Kumar (Επιμελητής έκδοσης), Bhateja, Vikrant (Επιμελητής έκδοσης)
Μορφή: Ηλεκτρονική πηγή Ηλ. βιβλίο
Γλώσσα:English
Έκδοση: Singapore : Springer Singapore : Imprint: Springer, 2017.
Σειρά:Advances in Intelligent Systems and Computing, 458
Θέματα:
Διαθέσιμο Online:Full Text via HEAL-Link
LEADER 03004nam a22005415i 4500
001 978-981-10-2035-3
003 DE-He213
005 20161122150648.0
007 cr nn 008mamaa
008 161122s2017 si | s |||| 0|eng d
020 |a 9789811020353  |9 978-981-10-2035-3 
024 7 |a 10.1007/978-981-10-2035-3  |2 doi 
040 |d GrThAP 
050 4 |a Q342 
072 7 |a UYQ  |2 bicssc 
072 7 |a COM004000  |2 bisacsh 
082 0 4 |a 006.3  |2 23 
245 1 0 |a Proceedings of the First International Conference on Intelligent Computing and Communication  |h [electronic resource] /  |c edited by Jyotsna Kumar Mandal, Suresh Chandra Satapathy, Manas Kumar Sanyal, Vikrant Bhateja. 
264 1 |a Singapore :  |b Springer Singapore :  |b Imprint: Springer,  |c 2017. 
300 |a XXVII, 707 p. 306 illus.  |b online resource. 
336 |a text  |b txt  |2 rdacontent 
337 |a computer  |b c  |2 rdamedia 
338 |a online resource  |b cr  |2 rdacarrier 
347 |a text file  |b PDF  |2 rda 
490 1 |a Advances in Intelligent Systems and Computing,  |x 2194-5357 ;  |v 458 
505 0 |a Section 1. Biomedical Image Processing and Bioinformatics -- Section 2. Cloud Computing -- Section 3. Communication Network and Services -- Section 4. Data Analytics and Data Mining -- Section 5. Device System and Modeling -- Section 6. Image Processing and Pattern Recognition -- Section 7. Security and Cryptography -- Section 8. Wireless Sensor Network. . 
520 |a The book covers a wide range of topics in Computer Science and Information Technology including swarm intelligence, artificial intelligence, evolutionary algorithms, and bio-inspired algorithms. It is a collection of papers presented at the First International Conference on Intelligent Computing and Communication (ICIC2) 2016. The prime areas of the conference are Intelligent Computing, Intelligent Communication, Bio-informatics, Geo-informatics, Algorithm, Graphics and Image Processing, Graph Labeling, Web Security, Privacy and e-Commerce, Computational Geometry, Service Orient Architecture, and Data Engineering. 
650 0 |a Engineering. 
650 0 |a Computer security. 
650 0 |a Artificial intelligence. 
650 0 |a Computational intelligence. 
650 0 |a Electrical engineering. 
650 1 4 |a Engineering. 
650 2 4 |a Computational Intelligence. 
650 2 4 |a Communications Engineering, Networks. 
650 2 4 |a Artificial Intelligence (incl. Robotics). 
650 2 4 |a Systems and Data Security. 
700 1 |a Mandal, Jyotsna Kumar.  |e editor. 
700 1 |a Satapathy, Suresh Chandra.  |e editor. 
700 1 |a Sanyal, Manas Kumar.  |e editor. 
700 1 |a Bhateja, Vikrant.  |e editor. 
710 2 |a SpringerLink (Online service) 
773 0 |t Springer eBooks 
776 0 8 |i Printed edition:  |z 9789811020346 
830 0 |a Advances in Intelligent Systems and Computing,  |x 2194-5357 ;  |v 458 
856 4 0 |u http://dx.doi.org/10.1007/978-981-10-2035-3  |z Full Text via HEAL-Link 
912 |a ZDB-2-ENG 
950 |a Engineering (Springer-11647)